Star wars, the clone wars: (Record no. 6908)
[ view plain ]
| 000 -LEADER | |
|---|---|
| fixed length control field | 01085nam a22002657a 4500 |
| 001 - CONTROL NUMBER | |
| control field | 6908 |
| 003 - CONTROL NUMBER IDENTIFIER | |
| control field | FISKH |
| 005 - DATE AND TIME OF LATEST TRANSACTION | |
| control field | 20250828102507.0 |
| 008 - FIXED-LENGTH DATA ELEMENTS--GENERAL INFORMATION | |
| fixed length control field | 250605b cb ||||| |||| 00| 0 eng d |
| 020 ## - INTERNATIONAL STANDARD BOOK NUMBER | |
| International Standard Book Number | 708431211773 |
| 040 ## - CATALOGING SOURCE | |
| Original cataloging agency | FISKH |
| Language of cataloging | eng |
| Transcribing agency | FISKH |
| Modifying agency | FISKH |
| 050 ## - LIBRARY OF CONGRESS CALL NUMBER | |
| Classification number | PN6728.S75 R38 |
| 082 ## - DEWEY DECIMAL CLASSIFICATION NUMBER | |
| Classification number | 372.46 |
| 100 ## - MAIN ENTRY--PERSONAL NAME | |
| Personal name | Anonymous |
| 245 ## - TITLE STATEMENT | |
| Title | Star wars, the clone wars: |
| Remainder of title | Rescue in the sky / |
| 260 ## - PUBLICATION, DISTRIBUTION, ETC. | |
| Place of publication, distribution, etc. | Ontario : |
| Name of publisher, distributor, etc. | Leap Frog Enterprise, |
| Date of publication, distribution, etc. | 2009. |
| 300 ## - PHYSICAL DESCRIPTION | |
| Extent | 25 pages : |
| Other physical details | color illustrations ; |
| Dimensions | 24 cm |
| 505 ## - FORMATTED CONTENTS NOTE | |
| Formatted contents note | P<br/> |
| 520 ## - SUMMARY, ETC. | |
| Summary, etc. | Anakin Skywalker must devise a plan to blow up General Grievous's ship without harming R2-D2, who was captured by the general. A Tag School Reading system title that aids in the development of memory and character analysis skills and introduces drawing conclusions and making predictions through a multisensory reading experience created when used in conjunction with Tag School Reader pen. |
| 521 8# - TARGET AUDIENCE NOTE | |
| Target audience note | 650<br/> |
| Source | Lexile estimate<br/> |
| 521 8# - TARGET AUDIENCE NOTE | |
| Target audience note | P<br/> |
| Source | Raz-Plus<br/> |
| 650 ## - SUBJECT ADDED ENTRY--TOPICAL TERM | |
| Topical term or geographic name entry element | Star Wars |
| Form subdivision | Teacher |
| 942 ## - ADDED ENTRY ELEMENTS (KOHA) | |
| Source of classification or shelving scheme | Dewey Decimal Classification |
| Koha item type | Books |
| Suppress in OPAC | No |
| Withdrawn status | Lost status | Source of classification or shelving scheme | Damaged status | Not for loan | Collection | Home library | Current library | Shelving location | Date acquired | Total Checkouts | Full call number | Barcode | Date last seen | Date last checked out | Copy number | Price effective from | Koha item type |
|---|---|---|---|---|---|---|---|---|---|---|---|---|---|---|---|---|---|
| Dewey Decimal Classification | Non-Fiction | Footprints International School Library Network Toul Kork Campus | Footprints International School Library Network Toul Kork Campus | TK Primary Library Room(4th Floor), Bookcase 5&6, Shelves 33-56, Orange Books | 06/06/2025 | 1 | ANO 372.46 PN6728.S75 R38 | 2025-1552 | 02/10/2026 | 02/03/2026 | 1 | 06/06/2025 | Books | ||||
| Dewey Decimal Classification | Non-Fiction | Footprints International School Library Network Toul Tom Poung Campus | Footprints International School Library Network Toul Kork Campus | TTP Primary Orange Bookshelves | 10/23/2025 | 2 | ANO 372.46 PN6728.S75 R38 | 2025-4719 | 04/10/2026 | 04/07/2026 | 4 | 10/23/2025 | Books | ||||
| Dewey Decimal Classification | Non-Fiction | Footprints International School Library Network Toul Tom Poung Campus | Footprints International School Library Network Toul Tom Poung Campus | TTP Primary Orange Bookshelves | 08/28/2025 | 2 | ANO 372.46 PN6728.S75 R38 | 2025-4299 | 04/10/2026 | 04/07/2026 | 2 | 08/28/2025 | Books | ||||
| Dewey Decimal Classification | Non-Fiction | Footprints International School Library Network Toul Tom Poung Campus | Footprints International School Library Network Toul Tom Poung Campus | TTP Primary Orange Bookshelves | 10/10/2025 | 2 | ANO 372.46 PN6728.S75 R38 | 2025-4529 | 02/13/2026 | 02/10/2026 | 3 | 10/10/2025 | Books | ||||
| Dewey Decimal Classification | Non-Fiction | Footprints International School Library Network Toul Tom Poung Campus | Footprints International School Library Network Toul Tom Poung Campus | TTP Primary Orange Bookshelves | 10/23/2025 | 2 | ANO 372.46 PN6728.S75 R38 | 2025-4725 | 04/07/2026 | 04/03/2026 | 5 | 10/23/2025 | Books |
